| 000 | 00746nam a2200205 4500 | ||
|---|---|---|---|
| 001 | 138715 | ||
| 003 | ES-MaACL | ||
| 005 | 20230906195623.0 | ||
| 007 | t| | ||
| 008 | 070214s1960 sp r ||||1| spa d | ||
| 100 | 1 |
_aSanto-Domingo Carrasco, Joaquín. _9103439 |
|
| 245 | 1 | 3 |
_aEl alcoholismo y los alcohólicos _b: conceptos y diagnóstico / _cDr. Joaquín Santo-Domingo Carrasco. |
| 260 |
_aMadrid : _bDirección General de Sanidad, _c1960 ( _fGráf. González) |
||
| 300 |
_a48 p. ; _c19 cm. |
||
| 490 | 1 |
_aCol. de folletos para médicos ; _v64 |
|
| 710 | 1 |
_aEspaña. _bDirección General de Sanidad. _93905 |
|
| 830 | 0 |
_aCol. de folletos para médicos ; _v64 _9218591 |
|
| 852 |
_aES-MaACL _j2004-F-18 _bR.45979 |
||
| 999 |
_c138715 _d138715 |
||